Viajes Festgabe für Herwig Zens

Bibliographic Details
Main Author: Berger, Günther, 1954- (Author, Editor)
Format: Book
Language:German
English
Italian
PhysicalDescription:416 s. fotogr., ilustr. 21 cm
Published: Frankfurt am Main Peter Lang c2007
ISBN:3631545339
9783631545331
Subjects:

MARC

LEADER 00000nam a2200000 a 4500
001 vtls009005348
003 SK-MaSNL
005 20260301124953.0
008 200612s2007 gw oac n 010 0dger
015 |a SNBZSA2007-00675 
020 |a 3631545339  |q (brož.) 
020 |a 9783631545331 
035 |a urn:nbn:sk:snk-am0094jj 
035 |a urn:nbn:sk:snk-am3hbkv 
035 |a 2766B38C-AA76-469C-A66D-83DCEC21DC9C 
040 |a SNK  |b slo  |c SNK  |e AACR2 
041 0 |a ger  |a eng  |a ita 
044 |a gw  |c DE 
072 7 |a 7.01/.09  |x Umenie  |2 konspekt 
072 7 |a 72/76  |x Výtvarné umenie  |2 konspekt 
080 |a 7.01/.09  |x (082)  |2 2001 
080 |a 72/76  |x (091)  |2 2001 
245 0 0 |a Viajes  |b Festgabe für Herwig Zens  |c herausgegeben von Günther Berger 
260 |a Frankfurt am Main  |b Peter Lang  |c c2007 
300 |a 416 s.  |b fotogr., ilustr.  |c 21 cm 
500 |a Obsahuje aj: Antonio Canovas Sitzstatue der Maria Leopoldina Reichsfürstin Esterházy von Galántha / Günter Berger 
504 |a Bibliogr. odkazy 
546 |a Text čiast. angl. a tal. 
650 0 7 |a dejiny umenia  |2 snkph  |9 1066 
650 0 7 |a výtvarné umenie  |2 snkph  |9 723 
655 7 |a štúdie  |2 snkph  |9 57033 
655 7 |a zborníky  |2 snkph  |9 70165 
700 1 |a Berger, Günther,  |d 1954-  |4 edt  |4 aut  |t Antonio Canovas Sitzstatue der Maria Leopoldina Reichsfürstin Esterházy von Galántha  |9 474204 
919 |a 3-631-54533-9 
919 |a 978-3-631-54533-1 
958 |a ZS 
958 |a NB 
999 |c 741049  |d 742979 
952 |a SNK  |b SNK  |y PREZ  |7 0  |p 17A0554768  |o snkSC 128907  |i snk2007/17672  |8 2  |g 76.35  |0 0  |1 0  |4 0  |d 2007-07-06  |f 1  |l 0  |r 2025-06-17 00:00:00  |w 2026-02-23